Словарь псевдонимов русских писателей, ученых и общественных деятелей : (Record no. 430303)
[ view plain ]
| 000 -LEADER | |
|---|---|
| fixed length control field | 01584nam a2200229 a 4500 |
| 003 - CONTROL NUMBER IDENTIFIER | |
| control field | AM-YeHGA |
| 040 ## - CATALOGING SOURCE | |
| Original cataloging agency | AM-YeHGA |
| 090 ## - LOCALLY ASSIGNED LC-TYPE CALL NUMBER (OCLC); LOCAL CALL NUMBER (RLIN) | |
| -- | 432856 |
| 005 - DATE AND TIME OF LATEST TRANSACTION | |
| control field | 20250617155315.0 |
| 008 - FIXED-LENGTH DATA ELEMENTS--GENERAL INFORMATION | |
| fixed length control field | 081124m19561960ru c|||frf||||000|0|rus|| |
| 041 0# - LANGUAGE CODE | |
| Language code of text/sound track or separate title | rus |
| 100 1# - MAIN ENTRY--PERSONAL NAME | |
| Personal name | Масанов, Иван Филиппович |
| 245 10 - TITLE STATEMENT | |
| Title | Словарь псевдонимов русских писателей, ученых и общественных деятелей : |
| Remainder of title | В 4 т. / |
| Statement of responsibility, etc. | Подготовил к печати Ю. И. Масанов ; Ред. Б. П. Козьмин. |
| 260 ## - PUBLICATION, DISTRIBUTION, ETC. | |
| Place of publication, distribution, etc. | Москва : |
| Name of publisher, distributor, etc. | Изд-во Всесоюз. книжная палата, |
| Date of publication, distribution, etc. | 1956- |
| -- | 1960. |
| 300 ## - PHYSICAL DESCRIPTION | |
| Extent | Том ; |
| Dimensions | 26 см. |
| 505 00 - FORMATTED CONTENTS NOTE | |
| Miscellaneous information | Т. 1 (1956, 443 с., портр.) : |
| Title | Алфавитный указатель псевдонимов: Псевдонимы русского алфавита А-И |
| Miscellaneous information | Т. 2 (1957, 386 с.) : |
| Title | Алфавитный указатель псевдонимов: Псевдонимы русского алфавита К-П |
| Miscellaneous information | Т. 3 (1958, 415 с.) : |
| Title | Алфавитный указатель псевдонимов : Псевдонимы русского алфавита Р-Я |
| Miscellaneous information | Т. 4 (1960, 557 с.) : |
| Title | Новые дополнения к алфавитному указателю псевдонимов: Алфавитный указатель авторов |
| 650 14 - SUBJECT ADDED ENTRY--TOPICAL TERM | |
| Topical term or geographic name entry element | Библиография |
| 650 14 - SUBJECT ADDED ENTRY--TOPICAL TERM | |
| Topical term or geographic name entry element | Литературные псевдонимы |
| 650 14 - SUBJECT ADDED ENTRY--TOPICAL TERM | |
| Topical term or geographic name entry element | Псевдонимы |
| General subdivision | Словарь |
| 700 1# - ADDED ENTRY--PERSONAL NAME | |
| Personal name | Козьмин, Б.П. |
| Relator term | ред. |
| Relationship | edt |
| 942 ## - ADDED ENTRY ELEMENTS (KOHA) | |
| Source of classification or shelving scheme | Universal Decimal Classification |
| Koha item type | Գրքեր / Books |
| Withdrawn status | Lost status | Source of classification or shelving scheme | Damaged status | Not for loan | Collection | Home library | Current library | Date acquired | Serial enumeration / chronology | Total checkouts | Full call number | Barcode | Date last seen | Price effective from | Koha item type | Public note |
|---|---|---|---|---|---|---|---|---|---|---|---|---|---|---|---|---|
| Universal Decimal Classification | General | Fundamental Scientific Library | Fundamental Scientific Library | 19/04/2019 | Т. 3 | РД III/12322 | FL0573759 | 19/04/2019 | 19/04/2019 | Գրքեր / Books | 30 Days Load | |||||
| Universal Decimal Classification | General | Fundamental Scientific Library | Fundamental Scientific Library | 19/04/2019 | Т. 1 | РД III/12321 | FL0573760 | 19/04/2019 | 19/04/2019 | Գրքեր / Books | 30 Days Load | |||||
| Universal Decimal Classification | General | Fundamental Scientific Library | Fundamental Scientific Library | 19/04/2019 | Т. 1 | РД III/12320 | FL0573761 | 19/04/2019 | 19/04/2019 | Գրքեր / Books | 30 Days Load | |||||
| Universal Decimal Classification | General | Fundamental Scientific Library | Fundamental Scientific Library | 19/04/2019 | Т. 2 | РД III/12319 | FL0573762 | 19/04/2019 | 19/04/2019 | Գրքեր / Books | 30 Days Load | |||||
| Universal Decimal Classification | General | Fundamental Scientific Library | Fundamental Scientific Library | 19/04/2019 | Т. 2 | РД III/12318 | FL0573763 | 19/04/2019 | 19/04/2019 | Գրքեր / Books | 30 Days Load |
ՀՀ Գիտությունների ազգային ակադեմիայի հիմնարար գիտական գրադարան = Fundamental Scientific Library of NAS RA
All site content, except where otherwise noted, is licensed under a